000 01914cam a2200253 4500
001 ABS65631
008 020619n2002 000 0 eng u
035 _a(Sirsi) u118461
245 _aIceland Foods plc v Dangoor and others
260 _c2002
490 _aEstates Gazette Law Reports
_v[2002] 21 EG 146-154(9)
520 _aChD 8 February 2002. The claimant tenant (I) held a lease of business premises from the defendant landlords (D) for a term until 2028. The lease provided for rent reviews on 25 April 1980 and every seven years thereafter. Paragraph 2 of the schedule to the lease provided that where the landlords wanted a review, they should serve a trigger notice not more than twelve or less than three months before the relevant review date. Paragraph 3 provided that if the parties had not agreed the rent at least two months before the review date, then the rent was to be determined by a surveyor not less than one month before the review date. Paragraph 6 provided that if the parties had not agreed the rent two months prior and an application had not been made as required by para 3, the given trigger notice would be void. The relevant review date was 25 April 2001. L did not serve the trigger notice until 15 May 2001. The tenant argued the notice was invalid because L had not applied for the appointment of a surveyor. On 25 July L applied for an appoinment but the tenant contended that L's trigger notice and the appointment were invalid. "Held" the landlords were entitled to a review date of the rent with effect from 25 April 2001.
590 _aABS
650 _aICELAND FOODS PLC V DANGOOR
650 _aRENT REVIEWS
650 _aTIME OF THE ESSENCE
650 _aLATE ESTOPPEL
650 _aNEGLECT
650 _aTRIGGER NOTICES
650 _aEXPERTS
650 _aCOMMERCIAL PREMISES
690 _aLANDLORD AND TENANT-BUSINESS TENANCIES-CASE LAW
942 _n0
999 _c70516
_d70516